000 00749nam a2200205Ii 4500
003 JO-AjNU
008 230605s9999||||xx |||||||||||||| ||und||
040 _aJO-AjNU
_bara
_erda
_cJO-AjNU
041 _aara
050 1 4 _aDS35.62 1984
100 3 _aتاليف بطاينة، محمد ضيف الله,
_eauthor
_948946
245 0 0 _aفي تاريخ الحضارة العربية الإسلامية، الجزء الأول
250 _aط1
264 3 1 _aعمان: دار الفرقان للنشر والتوزيع، 1984
300 _aج1، 152ص
336 _atext
_btxt
_2rdacontent
337 _aunmediated
_bn
_2rdamedia
338 _avolume
_bnc
_2rdacarrier
650 4 _aتاريخ - الحضارة العربية الاسلامية
_948947
999 _aA21468
_c25036
_d25036